| 000 | 00539nam a2200145Ia 4500 | ||
|---|---|---|---|
| 005 | 20240604025743.0 | ||
| 008 | 240331s9999 xx 000 0 und d | ||
| 082 |
_bMOL _a364 |
||
| 100 | _aMoldrich, D | ||
| 245 | 0 |
_aHangman spare that noose : _ba historical and analytical survey of the death penalty with special reference to Sri Lanka |
|
| 260 |
_aColombo _bRanco Printers & Publishers _c1983 |
||
| 300 | _aiv,182 p., | ||
| 500 | _aA historical and analytical survey of the death penalty with special reference to Sri Lanka. | ||
| 942 | _cL | ||
| 999 |
_c2955 _d2955 |
||